00302 a2200133 450000100060000002000160000604000370002210000270005924000170008624500120010330000080011536200090012365000360013274216 a853590257-0 cAnchieta - Colégio São Paulo akapúscinski, Ryszard10aÉbanolpor10aÉbano a3580 a2002 4aGeografia e Viagens na África